00914pam a2200265 a 450000100040000000500170000402000150002102000270003602000180006304000230008105000230010408200140012710000250014124500640016625000420023026000340027230000390030650500060034552001830035152100190053452100190055365000190057265000240059170000330061557120250521104434.0 a0060264497 a0060264527 (lib. bdg.) a9780590098366 aDLCcDLCdDLCbeng00aPZ7.B9836bTo 199600a[Fic]2201 aByars, Betsy Cromer.10aTornado /cby Betsy Byars ; illustrations by Doron Ben-Ami. aFirst Scholastic printing, March 1997 aNew York :bScholastic.c1996 a49 pages :billustrations ;c20 cm aP aAs they wait out a tornado in their storm cellar, a family listens to their farmhand tell stories about the dog that was blown into his life by another tornado when he was a boy. a610 bLexile  aP bRaz-Plus  1aDogsxFiction. 1aTornadoesxFiction.1 aBen-Ami, Doron,eillustrator